1488 1831 1134 1899 1816 1493 1942 1194 1001 1305 1610 1258 1383 1771 1053 1020 1397 1963 1812 1487 1665 1540 1991 1200 1509 1603 1487 1869 1072 1026 1790 1668 1898 1717 1491 1337 1184 1763 1611 1167 1468 1238 1632 1826 1747 1831 1899 1723 1128 1507 1644 1776 1720 1002 1501 1451 1942 1926 1797 1277 1603 1080 1606 1299 1243 1354 1650 1715 1669 1701 1889 1139 1842 1402 1816 1182 1787 1922 1066 1128 1026 1196 1613 1045 1629 1452 1898 1347 1656 1377 1429 1891 1823 1609 1032 1198 1220 1735 1307 BCNSPRNW ULIB Ver.6.0+V

เปลี่ยนเป็นภาษาไทย

Change to English
 แสดงรายละเอียดบรรณานุกรม
  กลับหน้าหลัก

Brief Record : Get Marc (ISO 2709) : E-mail record : QR code < ปิดหน้าต่าง
LEADER : 00000nam 2200000uu 4500
001    13399127945
003     ULIB
008    211116s2019||||th 000 0 tha d
020    ^a9781975121365
060 04 ^aWB17^bL987L
100 1  ^aLynn, Pamela
245 10 ^aLippincott s photo atlas of medication administration /^cPamela, Lynn
246 Ph ^ato atlas of medication administration
250    ^a6th ed.
260    ^aPhiladelphia :^bLippincott Williams & Wilkins,^c2019
300    ^a115 p. :^bill. ;^c28 cm.
650  2 ^aDrug Therapy^xnurses instruction
650  2 ^aPharmaceutical Preparation^xnurses instruction
650  2 ^aPharmacology^xnurses instruction
650  2 ^aPharmaceutical Preparation^xadministration & dosage
945    ^p1555^l0^i008533
999    ^aประนอม เกษจรัล
รายการนี้ยังไม่มีแท็ก
คุณยังไม่ได้ล็อกอิน คุณสามารถมีกิจกรรมร่วมกับเว็บไซต์ได้ แต่ต้องล็อกอินก่อน ::
  ล็อกอิน

รายการสื่อสารสนเทศ

ลำดับที่ ประเภท เลขเรียก/บาร์โค้ด สถานที่ สถานะ
1. วิทยาศาสตร์การแพทย์ และสุขภาพ
หนังสือสำรอง
สถานะ=หนังสือสำรอง
WB17 L987L ฉ.1 
  Barcode: 008533
ห้องสมุดวิทยาเขตสวรรค์ประชารักษ์
►หนังสือทั่วไป
บนชั้น

รายการใกล้เคียง
    ผู้แต่ง [Lynn, Pamela]

BibComment


ยังไม่เคยถูกคอมเมนท์

คอมเมนท์ทรัพยากรรายการนี้
  คอมเมนท์: Lippincott s pho..


 Copyright 2026. Bcnsprnw @Library